مكتبة جامعة عجلون الوطنية

فهرس بحث المكتبة

Normal view MARC view
  • رمضان،محمد عبد الرحمن المرسي ، الشاطر،محمد خيرت؛ تقديم ، فارس،عصام/عناية

Entry Personal Name

Number of records used in: 1

001 - CONTROL NUMBER

  • control field: 45522

003 - CONTROL NUMBER IDENTIFIER

  • control field: JO-AjAnu

005 - DATE AND TIME OF LATEST TRANSACTION

  • control field: 20230606081529.0

008 - FIXED-LENGTH DATA ELEMENTS

  • fixed length control field: 230606|| aca||aabn | a|a d

040 ## - CATALOGING SOURCE

  • Original cataloging agency: JO-AjAnu
  • Transcribing agency: JO-AjAnu

100 ## - HEADING--PERSONAL NAME

  • Personal name: رمضان،محمد عبد الرحمن المرسي ، الشاطر،محمد خيرت؛ تقديم ، فارس،عصام/عناية

670 ## - SOURCE DATA FOUND

  • Source citation: Work cat.: (JO-AjAnu)23308: رمضان،محمد عبد الرحمن المرسي ، الشاطر،محمد خيرت؛ تقديم ، فارس،عصام/عناية, author, منهج الإصلاح :دراسة في رسائل الإمام البنا